000 00413nam a2200157 i 4500
001 83414
003 ES-MaACL
005 20230906174825.0
007 t|
008 041116s1970 sp ||||1| spa d
100 1 _aIribarren, Manuel.
_965455
245 1 4 _aLas paredes ven /
_cManuel Iribarren.
260 _aValencia :
_bPrometeo,
_c[1970]
300 _a270 p. ;
_c19 cm.
852 _aES-MaACL
_jC-40116
_bR.75745
999 _c83414
_d83414